000 00439nam a2200157 i 4500
001 bg
245 0 _aĆwiczenia laboratoryjne z chemii fizycznej :
_bpraca zbiorowa /
_cpod red. Michaliny Sierockiej.
250 _aWyd.4 popr. i uzup.
260 _aBydgoszcz,
_c1985.
700 1 _aSierocka, Michalina.
_eRed.
040 _cBPK
041 _apol
080 _a541.1(075.8)(076)
942 _cKS
008 s pl f |000 0 pol
999 _c3112
_d3112
856 _uhttp://koha.tu.koszalin.pl/cgi-bin/koha/opac-detail.pl?biblionumber=3112
_yKatalog online BPK